000 00453nam a2200181Ia 4500
003 GCL
008 140319s9999 xx 000 0 eng d
040 _aGCL /
_cGCL
082 0 4 _a320.533
_bC N
100 1 _aCREW,DAVID(ED)
245 1 0 _aNAZISM AND GERMAN SOCIETY 1933 - 1945 /
_cCREW,DAVID(ED)
260 _a[S.N] :
_bROUTLEDGE ،
_c1994
300 _a316
650 0 4 _aGERMAN
650 0 4 _aNAZISM
650 0 4 _aPOLICY SCIENCES
942 _2ddc
_cBK
999 _c19187
_d19187